|
|
|
|
| LEADER |
00000naa2a2200000 4500 |
| 001 |
177976 |
| 005 |
20231031165752.0 |
| 035 |
|
|
|a (RuTPU)RU\TPU\book\192954
|
| 090 |
|
|
|a 177976
|
| 100 |
|
|
|a 20100331d2008 k y0rusy50 ca
|
| 101 |
0 |
|
|a rus
|
| 102 |
|
|
|a RU
|
| 200 |
1 |
|
|a Использование результатов фациального анализа для оценки нефтегазоносности нижнекембрийских отложений Берямбинской площади (скважина №1, Восточная Сибирь)
|f Л. К. Кудряшова, О. Г. Сунгурова
|g науч. рук. М. И. Шаминова
|
| 320 |
|
|
|a Библиогр.: 5 назв.
|
| 463 |
|
0 |
|0 (RuTPU)RU\TPU\book\164908
|y 5-89503-079-3
|t Проблемы геологии и освоения недр
|o труды XII Международного симпозиума имени академика М. А. Усова студентов и молодых ученых, посвященного 100-летию первого выпуска горных инженеров в Сибири и 90-летию создания Сибгеолкома в России
|f Томский политехнический университет (ТПУ), Институт геологии и нефтегазового дела (ИГНД)
|v С. 52-53
|d 2008
|p 944 с.
|
| 610 |
1 |
|
|a фациальный анализ
|
| 610 |
1 |
|
|a нефтегазоносность
|
| 610 |
1 |
|
|a оценка
|
| 610 |
1 |
|
|a нижнекембрийские отложения
|
| 610 |
1 |
|
|a Берямбинская площадь
|
| 610 |
1 |
|
|a Восточная Сибирь
|
| 610 |
1 |
|
|a труды учёных ТПУ
|
| 700 |
|
1 |
|a Кудряшова
|b Л. К.
|
| 701 |
|
1 |
|a Сунгурова
|b О. Г.
|
| 702 |
|
1 |
|a Шаминова
|b М. И.
|4 727
|
| 801 |
|
1 |
|a RU
|b 63413507
|c 20100331
|
| 942 |
|
|
|c BK
|